[Event "NOR-chTA final"]
[Site "Trondheim"]
[Date "2004.05.20"]
[Round "2.1"]
[White "Carlsen, Magnus"]
[Black "Madsen, Dag"]
[Result "1-0"]
[WhiteElo "2552"]
[BlackElo "2287"]
[PlyCount "65"]
[EventDate "2004.05.19"]
[EventType "team"]
[EventRounds "5"]
[EventCountry "NOR"]
[SourceTitle "CBM 100 Extra"]
[Source "ChessBase"]
[SourceDate "2004.07.06"]
[SourceVersion "2"]
[SourceVersionDate "2004.07.06"]
[SourceQuality "1"]
[WhiteTeam "06"]
[BlackTeam "07"]
[WhiteTeamCountry "NOR"]
[BlackTeamCountry "NOR"]

1. e4 Nf6 2. e5 Nd5 3. d4 d6 4. Nf3 dxe5 5. Nxe5 c6 6. Be2 Bf5 7. O-O Nd7 8. Nf3 e6 9. c4 Nb4 10. a3 ({RR} 10. Nc3 Nc2 11. Rb1 Nb4 12. Bg5 Be7 13. Bxe7 Qxe7 14. Rc1 O-O 15. a3 Na6 16. b4 e5 17. d5 Nf6 18. dxc6 bxc6 19. Qa4 Nb8 20. Rfe1 Re8 21. Bf1 Qc7 22. c5 Nbd7 23. Bc4 Bg6 24. Ng5 e4 {Eynullayev,A (2214)-Frayna,J (2243) chess.com INT 2023 1-0 (55)}) 10... Nc2 11. Ra2 Nxd4 12. Qxd4 c5 $146 ({RR} 12... Bxb1 13. Bg5 f6 14. Rxb1 fxg5 15. Qg4 Qf6 16. Nxg5 O-O-O 17. b4 h5 18. Qg3 Ne5 19. Qe3 Qf5 20. Rf1 Be7 21. f4 Bxg5 22. fxg5 Ng4 23. Qxa7 Qxg5 24. Bxg4 hxg4 25. Raf2 Qe5 26. Qa8+ Qb8 27. Qxb8+ {Koykka,P (2142)-Nguyen,P (2394) Krakow 2010 ½-½ (52)}) ({RR} 12... Bxb1 13. Bg5 f6 14. Rxb1 Bc5 15. Qe4 fxg5 16. Qxe6+ Qe7 17. Nxg5 Qxe6 18. Nxe6 Kf7 19. b4 Kxe6 20. Bg4+ Kf6 21. Bxd7 Bd4 22. Rd1 c5 23. bxc5 Bxc5 24. Rd5 b6 25. Re2 g6 26. Re6+ Kg7 27. Rc6 {Lienhard,A (2099)-Hugentobler,P (2233) Flims 2012 1-0 (41)}) 13. Qc3 Bxb1 14. Bg5 f6 15. Rxb1 fxg5 16. Qe3 Be7 17. Rd1 Bf6 18. b4 Qe7 19. Rad2 Nf8 20. Rd6 cxb4 21. axb4 h5 22. c5 g4 23. Nd2 Kf7 24. Ne4 Rh6 25. Bc4 Kg8 26. Nxf6+ Rxf6 27. b5 Kh8 28. c6 bxc6 29. bxc6 a5 30. Qg5 Qf7 31. Rd8 Rxd8 32. Rxd8 Rf5 33. Qxf5 1-0

[Event "NOR-ch"]
[Site "Molde"]
[Date "2004.07.03"]
[Round "1"]
[White "Carlsen, Magnus"]
[Black "Dannevig, Oystein"]
[Result "1-0"]
[WhiteElo "2552"]
[BlackElo "2372"]
[PlyCount "43"]
[EventDate "2004.07.03"]
[EventType "swiss"]
[EventRounds "9"]
[EventCountry "NOR"]
[SourceTitle "CBM 101 Extra"]
[Source "ChessBase"]
[SourceDate "2004.09.01"]
[SourceVersion "2"]
[SourceVersionDate "2004.09.01"]
[SourceQuality "1"]

1. e4 {ChessBase II} e5 2. Nf3 Nc6 3. Bb5 Nf6 4. d3 ({RR} 4. Nc3) ({RR} 4. O-O) 4... d6 5. O-O g6 6. d4 exd4 7. e5 dxe5 8. Nxe5 Bd7 ({RR} 8... Qd5 9. Qe2 Be7 10. Re1 d3 11. Bxc6+ Qxc6 12. Qxd3 Qd6 13. Qe2 O-O 14. Nc3 Be6 15. Qf3 Nd5 16. Bh6 {½-½ (16) So,W (2760)-Nakamura,H (2816) Las Vegas 2015}) ({RR} 8... Qd6 9. Re1 Be7 10. Qf3 Bd7 11. Bf4 Qb4 12. Na3 O-O 13. Nd3 Qa5 14. Bh6 Ng4 15. Rxe7 Nxh6 16. Rxd7 Rad8 17. Bxc6 bxc6 18. Qxc6 Rxd7 19. Qxd7 {1-0 (19) Ertan,C (2369)-Unver,C (2012) Ankara TUR 2025}) ({RR} 8... Qd5 9. Re1 Be6 10. Nxc6 bxc6 11. Nc3 Qc5 12. Qf3 Kd7 13. Qxf6 Be7 14. Ne4 Qxb5 15. Qxd4+ Qd5 16. Qc3 Rhb8 17. Bg5 Bxg5 18. Rad1 Be7 19. Nf6+ Bxf6 20. Qxf6 Rb4 21. b3 Kc8 22. Rxd5 cxd5 23. Rxe6 {Carlsen,M (2646)-Bae,T (2284) Oslo 2006 1-0}) 9. Re1 Nxe5 10. Rxe5+ Be7 11. Bg5 $146 ({RR} 11. Qe2 Bxb5 12. Qxb5+ Qd7 13. Qxb7 O-O 14. Qf3 Rfe8 15. Bg5 Bd6 16. Rxe8+ Rxe8 17. Nd2 Ng4 18. h3 Ne5 19. Qd5 Bf8 20. Qxd7 Nxd7 21. Bf4 c5 22. Kf1 Nb6 23. Re1 Rc8 24. Be5 Nd5 25. a3 f6 {Libiszewski,F (2467)-Marcelin,C (2441) France 2006 CBM 111 Extra [ChessBase II] 0-1 (37)}) 11... Ng8 12. Qxd4 f6 13. Nc3 c5 ({RR} 13... Bxb5 14. Rd5) 14. Bxd7+ Qxd7 15. Qxd7+ Kxd7 16. Rd1+ Kc7 17. Nd5+ Kc6 18. Nxe7+ Nxe7 19. Re6+ Kb5 20. Bxf6 Rhd8 21. Rxd8 Rxd8 22. Re1 1-0

[Event "NOR-ch"]
[Site "Molde"]
[Date "2004.07.05"]
[Round "3"]
[White "Carlsen, Magnus"]
[Black "Agdestein, Simen"]
[Result "0-1"]
[WhiteElo "2552"]
[BlackElo "2595"]
[PlyCount "76"]
[EventDate "2004.07.03"]
[EventType "swiss"]
[EventRounds "9"]
[EventCountry "NOR"]
[SourceTitle "CBM 101 Extra"]
[Source "ChessBase"]
[SourceDate "2004.09.01"]
[SourceVersion "2"]
[SourceVersionDate "2004.09.01"]
[SourceQuality "1"]

1. e4 e6 2. d4 d5 3. e5 c5 4. c3 Nc6 5. Nf3 Bd7 6. Be2 Nge7 7. Na3 cxd4 8. cxd4 f6 9. O-O fxe5 10. Nxe5 ({RR} 10. dxe5 Ng6 11. Nb5 Ncxe5 12. Nxe5 Nxe5 13. Bf4 Bxb5 14. Bxb5+ Nc6 15. Qh5+ Kd7 16. Rad1 Bd6 17. Bxd6 Kxd6 18. Rfe1 Qf6 19. Qh3 Rhf8 20. Qg3+ Qf4 21. Qxg7 Qxf2+ 22. Kh1 Rg8 23. Rxe6+ Kxe6 24. Qh6+ Rg6 {Maslovskiy,V (2367)-Nesterov,A (2601) chess.com INT 2025 0-1}) 10... Nxe5 11. dxe5 Nc6 12. Nb5 $146 ({RR} 12. f4 Qb6+ 13. Kh1 O-O-O 14. Rf3 g5 15. Nb5 Kb8 16. a4 Bc5 17. Bd2 Rdf8 18. a5 Qd8 19. Rc1 Be7 20. a6 gxf4 21. axb7 Qb6 22. Rb3 Rhg8 23. Bf1 Nxe5 24. Nc7 Qxc7 25. Rxc7 Kxc7 26. b8=Q+ Rxb8 {Petrov,M (2448)-Thavandiran,S (2363) Trieste 2022 1-0 (34)}) ({RR} 12. f4 Qb6+ 13. Kh1 O-O-O 14. Rf3 g5 15. Nb5 Kb8 16. a4 Bc5 17. Bd2 Rdf8 18. a5 Qd8 19. Rc1 Be7 20. a6 gxf4 21. axb7 Qb6 22. Rb3 Rhg8 23. Bf1 Nxe5 24. Nc7 Qxc7 25. Rxc7 Kxc7 26. b8=Q+ Rxb8 {Petrov,M (2448)-Thavandiran,S (2363) Trieste 2022 1-0 (34)}) 12... a6 13. Bd3 g6 14. Qg4 Nxe5 15. Qg3 axb5 16. Qxe5 Rg8 17. Bxb5 Qb6 18. Bd3 Bg7 19. Qg3 e5 20. Be3 Qe6 21. Rac1 Rxa2 22. Qh4 e4 23. Be2 Bxb2 24. Rb1 Bf6 25. Qxh7 Rg7 26. Qh8+ Rg8 27. Qh7 Rxe2 28. Rxb7 Rc2 29. Rfb1 Rg7 30. Qh8+ Rg8 31. Qh7 Rg7 32. Qh8+ Qg8 33. Qh6 Bc8 34. R7b6 Bd8 35. Rb8 Rgc7 36. R1b6 Qg7 37. Qf4 g5 38. Qd6 Rc1+ 0-1

[Event "NOR-ch"]
[Site "Molde"]
[Date "2004.07.06"]
[Round "5"]
[White "Carlsen, Magnus"]
[Black "Elsness, Frode"]
[Result "1-0"]
[WhiteElo "2552"]
[BlackElo "2408"]
[PlyCount "107"]
[EventDate "2004.07.03"]
[EventType "swiss"]
[EventRounds "9"]
[EventCountry "NOR"]
[SourceTitle "CBM 101 Extra"]
[Source "ChessBase"]
[SourceDate "2004.09.01"]
[SourceVersion "2"]
[SourceVersionDate "2004.09.01"]
[SourceQuality "1"]

1. e4 e5 2. Nf3 Nc6 3. Bb5 Nf6 4. d3 d6 5. O-O Be7 6. c3 O-O 7. Re1 a6 8. Ba4 b5 9. Bc2 Re8 10. Nbd2 Bf8 11. Nf1 h6 ({RR} 11... Nb8 12. d4 Nbd7 13. Ng3 Bb7 14. b3 g6 15. a4 Bg7 16. Bd3 d5 17. Bg5 dxe4 18. Bxe4 Bxe4 19. Nxe4 exd4 20. Nxd4 c5 21. Nc6 Qc7 22. Qd6 Qxd6 23. Nxd6 Rxe1+ 24. Rxe1 bxa4 25. bxa4 Bf8 26. Ne7+ {Carlsen,M (2840)-Hansen,E (2603) Chess.com INT 2017 1-0 (44)}) 12. Ng3 ({RR} 12. d4 g6 13. h3 Bg7 14. Ng3 Bb7 15. Be3 exd4 16. cxd4 Nb4 17. Bb1 Nxe4 18. Nxe4 Bxe4 19. Bxe4 Rxe4 20. Qb3 c5 21. a3 cxd4 22. Bxd4 Rxe1+ 23. Rxe1 Nc6 24. Bxg7 Kxg7 25. Qc3+ Ne5 26. Nxe5 dxe5 {Morozevich,A (2741)-Anand,V (2786) Monte Carlo 2005 ½-½}) ({RR} 12. h3 d5 13. Ng3 dxe4 14. dxe4 Qxd1 15. Rxd1 Bb7 16. Be3 Na5 17. Nd2 c5 18. f3 Bc6 19. Kf2 Nd7 20. b3 g6 21. Bd3 c4 22. bxc4 Nc5 23. Be2 Na4 24. cxb5 axb5 25. Rac1 Nb2 26. Rf1 Rec8 {Llari,M (2291)-Moreno Tejera,E (2418) Maia POR 2025 0-1 (51)}) 12... g6 13. h3 d5 14. d4 $146 ({RR} 14. Bd2 Bg7 15. Nh2 dxe4 16. dxe4 Be6 17. Qc1 Kh7 18. f4 exf4 19. Bxf4 Bc8 20. Nf3 Nd7 21. Rd1 Qe7 22. Bb3 Nce5 23. Qe3 Bb7 {½-½ (23) Larduet Despaigne,C (2335)-Nunez Vallina,J (2370) Matanzas 1992}) ({RR} 14. a4 Bb7 15. a5 Bg7 16. Bb3 dxe4 17. dxe4 Qxd1 18. Rxd1 Rad8 19. Rxd8 Rxd8 20. Be3 Ne8 21. Bd5 Nd6 22. Nd2 Ne7 23. Ba2 Kh7 24. Nb3 f5 25. exf5 gxf5 26. f4 Nc4 27. Bc5 Ng6 28. fxe5 f4 {Calero,H (1845)-Oliveros,C (1990) Cali 2016 0-1 (49)}) 14... dxe4 15. Nxe4 Bf5 16. d5 Bxe4 17. Bxe4 Nxe4 18. Rxe4 Ne7 19. Rxe5 Bg7 20. Re2 Qxd5 21. Qe1 Kf8 22. Bf4 Qb7 23. Be5 Bxe5 24. Nxe5 c6 25. c4 bxc4 26. Qc3 Kg8 27. Rae1 Nd5 28. Qxc4 Re6 29. Qg4 Kh7 30. Nc4 Rxe2 31. Rxe2 Qc8 32. Qd4 Qc7 33. g3 Rd8 34. Qc5 Kg8 35. Kg2 Qb7 36. b3 Qb5 37. Qa7 Rf8 38. Re5 Rd8 39. Kh2 Rf8 40. Nd6 Qb8 41. Qd7 Qb6 42. Kg2 Nf6 43. Qe7 Nd5 44. Qh4 Qd8 45. Qxh6 Qf6 46. Nc4 a5 47. Re4 Ra8 48. Nxa5 Nc3 49. Rf4 Qe5 50. Nxc6 Qd5+ 51. Kh2 Qxc6 52. Rh4 f5 53. Qh8+ Kf7 54. Qe5 1-0

[Event "NOR-ch"]
[Site "Molde"]
[Date "2004.07.08"]
[Round "7"]
[White "Djurhuus, Rune"]
[Black "Carlsen, Magnus"]
[Result "0-1"]
[WhiteElo "2483"]
[BlackElo "2552"]
[PlyCount "74"]
[EventDate "2004.07.03"]
[EventType "swiss"]
[EventRounds "9"]
[EventCountry "NOR"]
[SourceTitle "CBM 101 Extra"]
[Source "ChessBase"]
[SourceDate "2004.09.01"]
[SourceVersion "2"]
[SourceVersionDate "2004.09.01"]
[SourceQuality "1"]

1. e4 {ChessBase} c5 2. Nf3 Nc6 3. Nc3 g6 4. d4 cxd4 5. Nxd4 Bg7 6. Be3 Nf6 7. Be2 O-O 8. Nb3 d6 9. O-O a6 10. f4 b5 11. Bf3 Bb7 12. e5 dxe5 13. fxe5 Nd7 14. e6 fxe6 15. Bg4 Rxf1+ 16. Qxf1 Nce5 17. Bxe6+ Kh8 18. Rd1 Qc7 19. Qe2 ({RR} 19. Qf4 Rf8 20. Qg3 ({RR} 20. Rxd7 Qc6 21. Rxb7 Rxf4 22. Bd5 ({RR} 22. Rb6 Nf3+ 23. gxf3 Qxf3 24. Bxf4 Qxf4) 22... Qf6) 20... Nf6 21. Nc5 Nh5 22. Qe1 Bxg2 23. Kxg2 Nf3 24. Qh1 Nf4+ ({RR} 24... Nh4+ 25. Kh3 Rf3+) 25. Kf2 Nd4 {0-1 (25) Svidler,P (2750)-Carlsen,M (2813) Nice 2010 CBM 135 Extra [ChessBase]} {RR} 26. Nd7 Nh3+ 27. Kg2 Qc6+ 28. Bd5 Qxd7 29. Rxd4 e6) 19... Rf8 20. Bd4 $146 ({RR} 20. Nd5 Bxd5 21. Bxd5 Nb6 22. Be4 Nec4 23. Bf2 Na4 24. Rf1 Ncxb2 25. Bf3 e5 26. Qd2 Nc4 27. Qg5 Nc3 28. Qg4 e4 29. Bd1 Qf7 30. Nc5 e3 31. Ne6 exf2+ 32. Kh1 Ne3 33. Ng5 Qc4 34. Qh3 Qxf1# {Sevian,S (2393)-Robson,R (2628) Saint Louis 2013 0-1 (34)}) 20... b4 21. Ne4 Rf4 22. Ng5 h6 23. Bxd7 hxg5 24. Be8 Re4 25. Qf2 Rg4 26. g3 Nf3+ 27. Kf1 Qc4+ 28. Rd3 Bxd4 29. Nxd4 Rxd4 30. b3 Rxd3 31. bxc4 Rd1+ 32. Ke2 Rd2+ 33. Ke3 Rxf2 34. Kxf2 Kg7 35. c5 Nd4 36. Ke3 e5 37. Kd3 Bd5 0-1

[Event "Politiken Cup 26th"]
[Site "Copenhagen"]
[Date "2004.07.25"]
[Round "3"]
[White "Koskela, Niina"]
[Black "Carlsen, Magnus"]
[Result "0-1"]
[WhiteElo "2268"]
[BlackElo "2567"]
[PlyCount "92"]
[EventDate "2004.07.24"]
[EventType "swiss"]
[EventRounds "10"]
[EventCountry "DEN"]
[SourceTitle "CBM 101 Extra"]
[Source "ChessBase"]
[SourceDate "2004.09.01"]
[SourceVersion "2"]
[SourceVersionDate "2004.09.01"]
[SourceQuality "1"]

1. e4 c5 2. Nf3 d6 3. d4 cxd4 4. Nxd4 Nf6 5. Nc3 a6 6. Be2 e5 7. Nb3 Be7 8. O-O O-O 9. Be3 Be6 10. Qd2 Nbd7 11. a4 Rc8 12. Rfd1 Qc7 13. a5 Rfd8 14. Qe1 h6 ({RR} 14... Nc5 15. Nxc5 dxc5 16. Rxd8+ Rxd8 17. f3 Qc6 18. Na4 Nd7 19. c4 Nf8 20. Nb6 f6 21. Nd5 Bd6 22. Ra3 Bf7 23. Rb3 Ne6 24. Rb6 Qd7 25. Qa1 Rc8 26. Bd1 Rb8 27. Ba4 Qd8 28. Qa3 Nd4 29. Bxd4 {Ponomariov,R (2718)-Alekseev,E (2708) Moscow 2008 1-0 (53)}) ({RR} 14... Nc5 15. Nxc5 dxc5 16. Bg5 Rd4 17. Bxf6 Bxf6 18. Nd5 Bxd5 19. exd5 e4 20. c3 Rxd1 21. Bxd1 Re8 22. Ra4 c4 23. d6 Qxd6 24. Rxc4 g6 25. Ba4 Qd5 26. Bxe8 Qxc4 27. Qd1 e3 28. fxe3 Qe4 29. Bd7 {Koskela,N (2249)-Lujan,C (2378) Turin 2006 ½-½ (44)}) 15. Nc1 ({RR} 15. h3 Qc6 16. Bf3 Nh7 17. Nc1 Ng5 18. Bxg5 Bxg5 19. Nd3 Nb8 20. Nb4 Qc4 21. Nbd5 Bxd5 22. Rxd5 Qb4 23. Qb1 b5 24. axb6 Qxb6 25. Rda5 Bh4 26. Nd1 Rc5 27. R5a4 a5 28. c3 Nc6 29. Qd3 Ne7 {Sandu,M (2204)-Ajay Krishna,S (2388) Arad ROU 2023 ½-½ (54)}) 15... Qb8 $146 ({RR} 15... Bf8 16. Bf3 Bg4 17. Bxg4 Nxg4 18. Bd2 Ngf6 19. Nd3 Qc4 20. Ra4 Qe6 21. Nb4 {½-½ (21) Payen,A (2310)-Britton,R (2295) London 1994}) ({RR} 15... Nh7 16. Nd3 Bg5 17. Nb4 Qb8 18. Ncd5 Kf8 19. Bb6 Nxb6 20. Nxb6 Rc5 21. b3 Qa7 22. Bc4 Be7 23. Qe3 Qb8 24. Bxe6 fxe6 25. c4 Nf6 26. Nd3 Rc7 27. f4 Rc6 28. Qh3 Kf7 29. f5 Nxe4 30. fxe6+ {Voitsekhovsky,S (2527)-Alexikov,A (2384) St Petersburg 2002 1-0 (57)}) 16. N1a2 Ng4 17. Bxg4 Bxg4 18. Rd2 Nf6 19. f3 Be6 20. Qd1 Rc4 21. b3 Rcc8 22. Rd3 Rd7 23. Qd2 d5 24. Bf2 dxe4 25. Rxd7 Bxd7 26. Nxe4 Nxe4 27. fxe4 Bc6 28. Qe2 Qd6 29. Rd1 Qa3 30. Nc3 Qxa5 31. Nd5 Bxd5 32. exd5 Bd6 33. c4 Re8 34. Qe3 Rc8 35. Rc1 Bc5 36. Qe2 e4 37. Rd1 e3 38. Bg3 Qc3 39. d6 Qxb3 40. Rd5 Qb1+ 41. Qe1 Qxe1+ 42. Bxe1 b6 43. Kf1 Rd8 44. Bg3 Rd7 45. Ke2 f6 46. Bf4 Kf7 0-1

[Event "Politiken Cup 26th"]
[Site "Copenhagen"]
[Date "2004.07.26"]
[Round "4"]
[White "Carlsen, Magnus"]
[Black "Dannevig, Oystein"]
[Result "1-0"]
[WhiteElo "2567"]
[BlackElo "2363"]
[PlyCount "69"]
[EventDate "2004.07.24"]
[EventType "swiss"]
[EventRounds "10"]
[EventCountry "DEN"]
[SourceTitle "CBM 101 Extra"]
[Source "ChessBase"]
[SourceDate "2004.09.01"]
[SourceVersion "2"]
[SourceVersionDate "2004.09.01"]
[SourceQuality "1"]

1. e4 e5 2. Nf3 Nc6 3. Bb5 Nf6 4. O-O Nxe4 5. d4 Nd6 6. Bxc6 dxc6 7. dxe5 Nf5 8. Qxd8+ Kxd8 9. Nc3 Ke8 10. h3 Ne7 11. b3 ({RR} 11. Rd1 Ng6 12. b3 Be7 13. Bb2 h5 14. Re1 h4 15. Ne4 Kf8 16. Rad1 Rb8 17. Nf6 Nf4 18. Nd7+ Bxd7 19. Rxd7 Ke8 20. Rdd1 c5 21. Nd2 Kd7 22. Nc4+ Ke6 23. Rd6+ cxd6 24. exd6+ Kd5 25. Re5+ Kc6 {Gukesh,D (2766)-Firouzja,A (2751) Saint Louis USA 2024 ½-½ (73)}) 11... Ng6 12. Bb2 a5 13. Rad1 Bb4 $146 ({RR} 13... Be7 14. Rfe1 Be6 15. Nd4 Rd8 {½-½ (15) Hernandez Guerrero,G (2551)-Fernandez,D (2451) Merida 2006}) 14. Nd4 Bxc3 15. Bxc3 Nf4 16. Rfe1 h5 17. e6 fxe6 18. Bd2 Ng6 19. Nxe6 Bxe6 20. Rxe6+ Kf7 21. Rde1 Rhd8 22. Bc3 Rd5 23. R6e3 a4 24. Rf3+ Kg8 25. Rg3 Rd6 26. f4 axb3 27. axb3 Rf8 28. Bb4 Nxf4 29. Bxd6 cxd6 30. Re7 g6 31. Rf3 b5 32. Re4 g5 33. h4 Ng6 34. Rxf8+ Kxf8 35. Re6 1-0

[Event "Politiken Cup 26th"]
[Site "Copenhagen"]
[Date "2004.07.28"]
[Round "6"]
[White "De Firmian, Nick E"]
[Black "Carlsen, Magnus"]
[Result "1/2-1/2"]
[WhiteElo "2537"]
[BlackElo "2567"]
[PlyCount "97"]
[EventDate "2004.07.24"]
[EventType "swiss"]
[EventRounds "10"]
[EventCountry "DEN"]
[SourceTitle "CBM 101 Extra"]
[Source "ChessBase"]
[SourceDate "2004.09.01"]
[SourceVersion "2"]
[SourceVersionDate "2004.09.01"]
[SourceQuality "1"]

1. e4 c5 2. Nf3 d6 3. d4 cxd4 4. Nxd4 Nf6 5. Nc3 a6 6. Bc4 e6 7. O-O Be7 8. Bb3 b5 9. f4 Bb7 10. e5 dxe5 11. fxe5 Bc5 12. Be3 Nc6 13. exf6 Bxd4 14. Qe2 Bxe3+ 15. Qxe3 Qd4 16. Rae1 gxf6 17. Ne4 O-O-O 18. Rxf6 Qxe3+ 19. Rxe3 Rd1+ 20. Kf2 Ne5 21. h3 $146 ({RR} 21. Nd6+ Rxd6 22. Rxe5 Rd2+ 23. Re2 Rd7 24. g4 Kd8 25. Kg3 Ke7 26. Ref2 Ke8 27. Kh4 Rg8 28. Kh5 Rg6 29. R6f4 Rc7 30. c4 b4 31. Bc2 Rc5+ 32. Kh4 Rg7 33. b3 e5 34. Rf6 e4 35. R6f5 Rxf5 {Tsyrennimaev,V-Dashibalov,E (2289) Ulan-Ude 2006 ½-½ (62)}) 21... Rg8 22. g4 Rd4 23. Nc5 Nd7 24. Nxd7 Rxd7 25. Rh6 Rg7 26. Re5 Rd1 27. c4 Rd2+ 28. Ke3 Rxb2 29. cxb5 axb5 30. Rxb5 Kc7 31. Rbh5 Kd6 32. Rxh7 Rxh7 33. Rxh7 Ke7 34. g5 Rg2 35. h4 Bd5 36. Bxd5 exd5 37. a4 Kf8 38. a5 Ra2 39. Rh8+ Kg7 40. Ra8 Rh2 41. Rd8 Rxh4 42. Rxd5 f6 43. Kd3 fxg5 44. Rd4 Rh8 45. a6 Kf6 46. Kc4 Ke5 47. Rd7 g4 48. a7 g3 49. Rg7 1/2-1/2

[Event "Politiken Cup 26th"]
[Site "Copenhagen"]
[Date "2004.08.01"]
[Round "10"]
[White "Lindberg, Bengt"]
[Black "Carlsen, Magnus"]
[Result "1/2-1/2"]
[WhiteElo "2422"]
[BlackElo "2567"]
[PlyCount "99"]
[EventDate "2004.07.24"]
[EventType "swiss"]
[EventRounds "10"]
[EventCountry "DEN"]
[SourceTitle "CBM 101 Extra"]
[Source "ChessBase"]
[SourceDate "2004.09.01"]
[SourceVersion "2"]
[SourceVersionDate "2004.09.01"]
[SourceQuality "1"]

1. e4 c5 2. Nf3 d6 3. d4 cxd4 4. Nxd4 Nf6 5. Nc3 a6 6. Be2 e5 7. Nb3 Be7 8. Be3 Be6 9. Nd5 Nbd7 10. Qd3 O-O 11. c4 b5 12. cxb5 axb5 13. O-O Rb8 ({RR} 13... Bxd5 14. exd5 Nb6 15. Qxb5 Nbxd5 16. Bd2 e4 17. Rfc1 Rb8 18. Qa4 Qb6 19. Rc6 Qb7 20. Rac1 Qd7 21. Ra6 Qf5 22. Nd4 Qe5 23. Nc6 Qxb2 24. Qd1 Rb7 25. Rc2 Qb1 26. Nxe7+ {1-0 (26) Chasin,N (2458)-Heinrich,J (2351) Hajduszoboszlo HUN 2025}) 14. Rfd1 Bxd5 15. exd5 Re8 $146 ({RR} 15... Ne8 16. Qd2 b4 17. a3 Nc5 18. Nxc5 dxc5 19. Rac1 Qb6 20. Qc2 Rc8 21. Rd2 Bd6 22. Qb3 Nf6 23. Rdc2 Rb8 24. Qd3 e4 25. Qc4 Rfd8 26. h3 h6 27. Bxc5 Bxc5 28. Qxc5 Qxc5 29. Rxc5 Nxd5 30. Bc4 {Roser,K (2406)-Royset,P (2208) Helsingor 2014 1-0 (61)}) ({RR} 15... Ne8 16. Qd2 b4 17. a4 f5 18. f3 Bh4 19. Bd3 Kh8 20. a5 f4 21. Bf2 Bxf2+ 22. Qxf2 Nef6 23. a6 Ra8 24. a7 Nb6 25. Bb5 Rf7 26. Ra6 Nc8 27. Rda1 e4 28. fxe4 Ng4 29. Qf3 Ne5 30. Qf2 {Roser,K (2406)-Edouard,R (2679) Helsingor 2014 0-1 (41)}) 16. Rac1 e4 17. Qd2 Ne5 18. Nd4 Nxd5 19. Nc6 Nxc6 20. Qxd5 Nb4 21. Qd2 Nd3 22. Bxd3 exd3 23. Qxd3 Bf6 24. Rc2 Be5 25. g3 h5 26. h4 Qf6 27. Kg2 Qe6 28. Qd5 Qg6 29. Re2 Re6 30. Qd3 Qg4 31. Bg5 f6 32. Bc1 Bxg3 33. f3 Rxe2+ 34. Qxe2 Qg6 35. Qd3 Qxd3 36. Rxd3 Bxh4 37. Rxd6 Rc8 38. Be3 Re8 39. Rd3 f5 40. f4 Bf6 41. Rb3 Bxb2 42. Kf3 Bf6 43. Rxb5 g6 44. a4 Re4 45. Rb6 Kg7 46. Rb7+ Kh6 47. Bc5 g5 48. fxg5+ Kxg5 49. Rb4 Rxb4 50. Bxb4 1/2-1/2

[Event "NOR-ch playoff"]
[Site "Oslo"]
[Date "2004.09.04"]
[Round "1"]
[White "Carlsen, Magnus"]
[Black "Ostenstad, Berge"]
[Result "1/2-1/2"]
[WhiteElo "2567"]
[BlackElo "2482"]
[PlyCount "56"]
[EventDate "2004.09.04"]
[EventType "match"]
[EventRounds "2"]
[EventCountry "NOR"]
[SourceTitle "CBM 102 Extra"]
[Source "ChessBase"]
[SourceDate "2004.11.03"]
[SourceVersion "1"]
[SourceVersionDate "2004.11.03"]
[SourceQuality "1"]

1. e4 e6 2. d4 d5 3. Nc3 Bb4 4. e5 c5 5. a3 Bxc3+ 6. bxc3 Ne7 7. Qg4 O-O 8. Bd3 Nbc6 9. Qh5 Ng6 10. Nf3 Qc7 11. Be3 c4 12. Bxg6 fxg6 13. Qg4 Bd7 14. h4 Rf5 15. h5 gxh5 16. Rxh5 Raf8 17. Kd2 Be8 18. Rxf5 exf5 19. Qg3 Nd8 20. Ng5 Bg6 21. Rh1 $146 ({RR} 21. Bf4 Qd7 22. Rh1 Ne6 23. Nxe6 Qxe6 {½-½ (23) Fogarasi,T (2470)-Farago,I (2465) Hungary 2003}) 21... Qc6 22. Qh4 f4 23. Nxh7 Qa4 24. Nxf8 Qxc2+ 25. Ke1 Qb1+ 26. Ke2 Qd3+ 27. Kf3 Qe4+ 28. Ke2 Qd3+ 1/2-1/2

[Event "Lausanne YM 5th"]
[Site "Lausanne"]
[Date "2004.09.15"]
[Round "1.1"]
[White "Alekseev, Evgeny V"]
[Black "Carlsen, Magnus"]
[Result "1/2-1/2"]
[WhiteElo "2606"]
[BlackElo "2567"]
[PlyCount "80"]
[EventDate "2004.09.15"]
[EventType "k.o."]
[EventRounds "3"]
[EventCountry "SUI"]
[SourceTitle "CBM 104"]
[Source "ChessBase"]
[SourceDate "2005.01.27"]
[SourceVersion "1"]
[SourceVersionDate "2005.01.27"]
[SourceQuality "1"]

1. e4 e5 2. Nf3 Nc6 3. Bc4 Nf6 4. d3 Be7 5. O-O O-O 6. Bb3 d6 7. c3 d5 8. Nbd2 dxe4 9. dxe4 Bc5 10. Qe2 Qe7 11. Nc4 Bg4 ({RR} 11... h6 12. Bc2 a5 13. Be3 b6 14. Rfd1 Ba6 15. Bd3 Rfd8 16. Bxc5 Qxc5 17. Ncxe5 Nxe5 18. Nxe5 Bb7 19. Ng4 Nxg4 20. Qxg4 Rd6 21. Bc2 Rg6 22. Qe2 Ba6 23. Qe1 Re8 24. Rd5 Qe7 25. Rad1 Bb7 26. Rd7 {Alekseev,E (2606)-Carlsen,M (2567) Lausanne 2004 1-0 (59)}) 12. h3 $146 ({RR} 12. Bg5 h6 13. Bh4 g5 14. Bg3 Nh5 15. Ne3 Bxe3 16. Qxe3 Nf4 17. Bc2 Bxf3 18. Qxf3 Rad8 19. Rfd1 Qf6 20. Qe3 Nh5 21. b4 Nxg3 22. hxg3 a6 23. a4 Rxd1+ 24. Rxd1 Rd8 25. Rd5 Rd6 26. Qc5 b6 {Pikula,D (2290)-Matkovic,T (2355) Kladovo 1991 ½-½ (76)}) 12... Be6 13. Kh2 a6 14. Bg5 h6 15. Bh4 g5 16. Bg3 Nh5 17. Ncd2 Rad8 18. Rad1 Ba7 19. Ba4 b5 20. Bb3 Rd6 21. a4 Rb8 22. axb5 axb5 23. Ra1 Bb6 24. Rfd1 Rbd8 25. Qxb5 Bxb3 26. Qxb3 Nxg3 27. fxg3 Qe6 28. Qxe6 fxe6 29. Rf1 Rxd2 30. Nxd2 Rxd2 31. Rf6 Nd8 32. Raf1 Kg7 33. Rf8 Rd7 34. Re8 Bc5 35. b4 Be7 36. g4 Bf6 37. b5 Kf7 38. Rh8 Kg7 39. Re8 Kf7 40. Rh8 Kg7 1/2-1/2

[Event "Lausanne YM 5th"]
[Site "Lausanne"]
[Date "2004.09.16"]
[Round "1.2"]
[White "Carlsen, Magnus"]
[Black "Alekseev, Evgeny V"]
[Result "1/2-1/2"]
[WhiteElo "2567"]
[BlackElo "2606"]
[PlyCount "84"]
[EventDate "2004.09.15"]
[EventType "k.o."]
[EventRounds "3"]
[EventCountry "SUI"]
[SourceTitle "CBM 104"]
[Source "ChessBase"]
[SourceDate "2005.01.27"]
[SourceVersion "1"]
[SourceVersionDate "2005.01.27"]
[SourceQuality "1"]

1. e4 c5 2. Nf3 Nc6 3. d4 cxd4 4. Nxd4 Nf6 5. Nc3 e5 6. Ndb5 d6 7. Bg5 a6 8. Na3 b5 9. Bxf6 gxf6 10. Nd5 f5 11. g3 fxe4 12. Bg2 Be6 13. Bxe4 Rc8 14. Qh5 Bg7 15. c3 Ne7 16. Rd1 Rc5 17. Nxe7 Qxe7 18. Nc2 d5 19. Bf5 d4 20. O-O Bxf5 21. Qxf5 dxc3 22. bxc3 O-O $146 ({RR} 22... e4 23. Qg4 O-O 24. Rd7 f5 25. Qxf5 Rfxf5 26. Rxe7 Rxc3 27. Ne3 Rf7 28. Rxe4 Ra3 29. g4 Rxa2 30. Nf5 Bf8 31. Rc1 Ra4 32. Rxa4 bxa4 33. Rc4 a3 34. Ra4 Rb7 35. Ne3 Rb2 36. Kg2 Bc5 37. Kf3 {Sanhueza,C (2325)-Gomez,C (2300) Buenos Aires 2019 ½-½ (48)}) 23. Ne3 e4 24. Rd5 Rxd5 25. Nxd5 Qe6 26. Qh5 Qe5 27. Qxe5 Bxe5 28. a4 bxa4 29. Ra1 Rd8 30. Ne7+ Kf8 31. Nc6 Bxc3 32. Rxa4 Rd1+ 33. Kg2 Ra1 34. Rc4 Bf6 35. Nb8 Kg7 36. Rxe4 a5 37. Nd7 Bb2 38. Rg4+ Kh8 39. Rf4 Kg7 40. Rg4+ Kh8 41. Rf4 Kg7 42. Rg4+ Kh8 1/2-1/2